Royal commission on local government in England: research studies 6 school management and government (Record no. 415245)

000 -LEADER
fixed length control field 00490cam a22001337a 4500
008 - FIXED-LENGTH DATA ELEMENTS--GENERAL INFORMATION
fixed length control field 180718b1968 xxu||||| |||| 00| 0 eng d
082 ## - DEWEY DECIMAL CLASSIFICATION NUMBER
Classification number B706x42 Un3 RS 6
100 ## - MAIN ENTRY--PERSONAL NAME
Personal name Baron, George
245 ## - TITLE STATEMENT
Title Royal commission on local government in England: research studies 6 school management and government
Statement of responsibility, etc. by George Baron
260 ## - PUBLICATION, DISTRIBUTION, ETC.
Place of publication, distribution, etc. London
Name of publisher, distributor, etc. Her Majesty's Stationery Office
Date of publication, distribution, etc. 1968
300 ## - PHYSICAL DESCRIPTION
Extent v, 144p
650 ## - SUBJECT ADDED ENTRY--TOPICAL TERM
Topical term or geographic name entry element Local government - U.K.
650 ## - SUBJECT ADDED ENTRY--TOPICAL TERM
Topical term or geographic name entry element School Management and Organisation - U.K.
Holdings
Withdrawn status Lost status Damaged status Not for loan Permanent Location Current Location Date acquired Full call number Barcode Date last seen Price effective from Koha item type
        Indian Institute of Public Administration Indian Institute of Public Administration 2009-03-03 B706x42 Un3 RS 6 DA1229 2018-07-21 2018-07-21 DA

Powered by Koha